000 00565nam a22001697a 4500
003 NUST
038 _aNusrat Nadeem
082 _a200
100 _aNaushad, Wasifa
_9124147
245 _aInvestigation of Oncogenic Potential of Mouse Mammary Tumor Virus (MMTV) in Breast Cancer/
_cWasifa Naushad
264 _aIslamabad;
_bASAB NUST;
_c2019.
300 _a196,p;
_bill;
_c30,cm.
650 _aPhD-Applied Biosciences
_9123210
700 _aSupervisor: Dr. Hajra Sadia
_9123914
856 _u http://10.250.8.41:8080/xmlui/handle/123456789/42727
942 _2ddc
_cSC
999 _c610098
_d610098